000
00320nam a2200145Ia 4500
008
150301s2015 xx 000 0 und d
082
_a
574
_b
B99D
100
_a
DUBEY, R.C
245
2
_a
A TB OF BIOTECHNOLOGY
250
_a
1ST
260
_b
S. CHAND PUB
300
_a
357
650
_a
PHARMACEUTICS
942
_2
ddc
_c
BK
999
_c
7346
_d
7346